| 000 | 00886cam a2200253u 4500 | ||
|---|---|---|---|
| 001 | 7557433 | ||
| 005 | 20061108092044.0 | ||
| 008 | 820322s1967 fr a | 000 0 fre d | ||
| 010 | _a 68076199 | ||
| 040 |
_aDLC _cCarP _dDLC |
||
| 043 |
_ae------ _an-us--- |
||
| 050 | 0 | 0 |
_aD1065.U5 _bS4 |
| 082 |
_222 _a327.7304 _bSCH |
||
| 100 | 1 |
_aServan-Schreiber, Jean Jacques. _910363 |
|
| 245 | 1 | 3 |
_aLe defi americain/ _cJean-Jacques Servan-Schreiber |
| 260 |
_aParis: _bDenoel, _c1967. |
||
| 300 |
_a343 p.: _bdiagr.; _c23 cm. |
||
| 500 | _aDonated by: Alaa Abdel Ghany | ||
| 504 | _aIncludes bibliographical references. | ||
| 651 | 0 |
_aUnited States _xRelations _zEurope. _910364 |
|
| 651 | 0 |
_aEurope _xRelations _zUnited States. _910365 |
|
| 942 |
_2ddc _cBB |
||
| 999 |
_c13134 _d13134 |
||